LDR 01015naa#a2200181#i#450# 001 RU\\bibl\20306 005 20260701221349.3 100 ## _a20260630b2026####ek#y0rusy0150####ca 102 ## _aRU 200 1# _aРАЗРАБОТКА АВТОМАТИЗИРОВАННОЙ СИСТЕМЫ КОНТРОЛЯ КАЧЕСТВА МИКРОСХЕМ НА ПРОИЗВОДСТВЕННОЙ ЛИНИИ _eСтатья/тезисы конференции 210 1# _aВоронеж _cВоронежский государственный лесотехнический университет имени Г.Ф. Морозова _d2026 215 ## _a9 с. 608 ## _aСтатья/тезисы конференции _2local 675 ## _aЭлектронные элементы, использующие свойства твердого тела. Полупроводниковая электроника. 621.382 _z 700 #1 _aКоваль _gА. А. 700 #1 _aАвилова _gО. А. 700 #1 _aГетманцев _gД. Д. 856 4# _abibl.vgltu.ru _u